000 00301nam a22001337a 4500
008 170530b xxu||||| |||| 00| 0 eng d
020 _a9780394573359
041 _aeng
080 _a94
100 _a17
101 _aSHH
245 _aA NATURAL HISTTORY OF THE SENSES
_cACKERMAN,D
942 _2udc
_cBK
999 _c15003
_d15003